000 00731nam a2200217 i 4500
001 70428
003 ES-MaACL
005 20230906170821.0
007 t|
008 040723s1986 sp ||||1| spa d
020 _a84-398-6960-6
100 1 _aGarcía Solano, Jesús.
_955309
245 1 0 _aA orillas del bronce /
_cJesús G. Soriano ; [prólogo de Juan Ramón Gallardo Soriano ; ilustraciones de A. Martín Maqueda y R. Armenta].
260 _a[Marchena] :
_bJegarso,
_c1986.
300 _a148 p. :
_bil. ;
_c22 cm.
500 _aDe. autógr. del autor.
700 1 _aGallardo Soriano, Juan Ramón.
_953500
700 1 _aMartín Maqueda, A.
_977553
700 1 _aArmenta, R.
_922954
852 _aES-MaACL
_jL-11184
_bR.112708
999 _c70428
_d70428